书目信息 |
| 题名: |
智能材料:21世纪的新材料
|
|
| 作者: | 姚康德 著 | |
| 分册: | ||
| 出版信息: | 天津 天津大学出版社 1996.07 |
|
| 页数: | 351页 | |
| 开本: | 32开 | |
| 丛书名: | ||
| 单 册: | ||
| 中图分类: | TU5 | |
| 科图分类: | ||
| 主题词: | 建筑材料 | |
| 电子资源: | ||
| ISBN: | 7-5618-0857-7 | |
| 000 | 00554nam0 2200193 45 | |
| 001 | 9911030971 | |
| 005 | 20070126110844.92 | |
| 010 | @a7-5618-0857-7@dCNY 16.00 | |
| 100 | @a19991103d1996 km y0chiy0120 ea | |
| 101 | @achi | |
| 200 | 1 | @a智能材料:21世纪的新材料@Azhi neng cai liao:21 shi ji de xin cai liao@f姚康德等著@FYao Kang De Deng Zhu |
| 210 | @a天津@c天津大学出版社@d1996.07 | |
| 215 | @a351页@d32开 | |
| 606 | 0 | @a建筑材料 |
| 690 | @aTU5 | |
| 690 | @v3 | |
| 701 | @a姚康德@4著 | |
| 801 | @aCN@bPFTUser@c20070126 | |
| 905 | @f3@b42252-254@dTU5@eY140 | |
| 智能材料:21世纪的新材料/姚康德等著.-天津:天津大学出版社,1996.07 |
| 351页;32开 |
| ISBN 7-5618-0857-7:CNY 16.00 |
| ● |
| 相关链接 |
|
|
|
正题名:智能材料:21世纪的新材料
索取号:TU5/Y140
 
预约/预借
| 序号 | 登录号 | 条形码 | 馆藏地/架位号 | 状态 | 备注 |
| 1 | 42252 | 200422523 | 自科二线404/404自科库 26排6列3层/ [索取号:TU5/Y140] | 在馆 | |
| 2 | 42253 | 200422532 | 自科二线404/404自科库 2排4列1层/ [索取号:TU5/Y140] | 在馆 | |
| 3 | 42254 | 200422541 | 建筑库201/ [索取号:TU5/Y140] | 在馆 | |
| 4 | 66733 | 200667331 | 建筑库201/409社科库 64排4列2层/ [索取号:TU5/Y140] | 在馆 | |
| 5 | 66734 | 200667340 | 社科二线422/409社科库 33排6列2层/ [索取号:TU5/Y140] | 在馆 | |
| 6 | 66735 | 200667359 | 建筑库201/409社科库 64排4列2层/ [索取号:TU5/Y140] | 在馆 | |
| 7 | 66736 | 200667368 | 建筑库201/ [索取号:TU5/Y140] | 在馆 | |
| 8 | 66737 | 200667377 | 建筑库201/201建筑库 3排1列1层/ [索取号:TU5/Y140] | 在馆 | |
| 9 | 66738 | 200667386 | 自科二线404/404自科库 2排4列1层/ [索取号:TU5/Y140] | 在馆 | |
| 10 | 66739 | 200667395 | 自科二线404/404自科库 2排4列1层/ [索取号:TU5/Y140] | 在馆 | |
| 11 | 66740 | 200667402 | 建筑库201/201建筑库 3排1列1层/ [索取号:TU5/Y140] | 在馆 | |
| 12 | 66741 | 200667411 | 建筑库201/201建筑库 3排1列1层/ [索取号:TU5/Y140] | 在馆 |